Building electronic commerce with Web database constructions /

Bibliographic Details
Main Author: Nelson, Anne
Other Authors: Nelson, William H. M.
Format: Book
Language:English
Published: Boston : Addison Wesley, [2002]
Subjects:

MARC

Tag First Indicator Second Indicator Subfields
LEADER 00000cam a22000004a 4500
001 in00001663244
005 20151024121156.0
008 010815s2002 maua 001 0 eng
010 |a  2001045800 
020 |a 020174130X (pbk.) 
035 |a (OCoLC)ocm47863233 
040 |a DLC  |c DLC  |d TXA  |d UtOrBLW 
042 |a pcc 
049 |a TXAM 
050 0 0 |a HF5548.32  |b .N45 2002 
082 0 0 |a 658.8/4  |2 21 
100 1 |a Nelson, Anne. 
245 1 0 |a Building electronic commerce with Web database constructions /  |c Anne Nelson, William H.M. Nelson. 
264 1 |a Boston :  |b Addison Wesley,  |c [2002] 
264 4 |c ©2002 
300 |a xxvi, 582 pages :  |b illustrations ;  |c 23 cm. 
336 |a text  |b txt  |2 rdacontent 
337 |a unmediated  |b n  |2 rdamedia 
338 |a volume  |b nc  |2 rdacarrier 
500 |a Includes index. 
650 0 |a Electronic commerce. 
650 0 |a Web sites. 
700 1 |a Nelson, William H. M. 
994 |a E0  |b TXA 
948 |a cataloged  |b h  |c 2002/2/27  |d c  |e bwalker  |f 9:32:14 am 
999 |a MARS 
999 f f |s 32bf1373-8da5-38bf-b81d-2df7675550a6  |i c0034ddf-7329-34f3-80d2-022fbb075b41  |t 0 
952 f f |p ric  |a Texas A&M University  |b Rellis Campus  |c Joint Library Facility  |d Remote Storage  |t 0  |e HF5548.32 .N45 2002  |h Library of Congress classification  |i unmediated -- volume  |m A14828469047 
998 f f |a HF5548.32 .N45 2002  |t 0  |l Remote Storage